000 00362pab a2200145 454500
008 180718b1988 xxu||||| |||| 00| 0 eng d
100 _aGoyal, D.R.
245 _aNehru unknown in rural India
260 _c1988
300 _a32,35
362 _a3 Sept.
650 _aNehru, Jawahar Lal - Criticism and Interpretation
773 _aMainstream
909 _a14058
999 _c14058
_d14058